000 00356nam a2200121 a 4500
001 000031986
005 20200930063332.0
008 110707s1961 dr 000 0 spa d
040 _aDO-SdBNP
_bspa
_cBNPHU
245 0 0 _aVenezuela's "democracy" under Betancourt.
260 _aDominican Republic :
_bDominican press society,
_c1961.
300 _a31 p. ;
_c23 cm.
999 _c31477
_d31477